The rohingyas: (Record no. 157927)

MARC details
000 -LEADER
fixed length control field 00613nam a22001937a 4500
005 - DATE AND TIME OF LATEST TRANSACTION
control field 20181010160707.0
010 ## - LCCN (DPL NO)
LC control number ENG-124229
020 ## - INTERNATIONAL STANDARD BOOK NUMBER
International Standard Book Number 9789387164000
Terms of availability 599.00
035 ## - SYSTEM CONTROL NUMBER
System control number EN-107761
037 ## - SOURCE OF ACQUISITION
Source of stock number/acquisition DBAD/PUB
082 ## - DEWEY DECIMAL CLASSIFICATION NUMBER
Classification number 305.697
100 ## - MAIN ENTRY--PERSONAL NAME
Personal name Azeem Ibrahim
245 ## - TITLE STATEMENT
Title The rohingyas:
Statement of responsibility, etc by Azeem Ibrahim
Remainder of title inside myanmar's hidden genocide /
260 ## - PUBLICATION, DISTRIBUTION, ETC. (IMPRINT)
Place of publication, distribution, etc New Delhi
Name of publisher, distributor, etc Speaking Tiger
Date of publication, distribution, etc 2017
270 ## - ADDRESS
Address 4381/4, Ansari Road, Daryaganj,
City New Delhi
Postal code 110002
300 ## - PHYSICAL DESCRIPTION
Extent xx,235p.
Dimensions 22cm(pbk)
Other physical details ill.
500 ## - GENERAL NOTE
General note It includes Notes, References and Index
942 ## - ADDED ENTRY ELEMENTS (KOHA)
Source of classification or shelving scheme Dewey Decimal Classification
Item type English Books
Classification part 305.697
Call number suffix AZE
Holdings
Withdrawn status Lost status Not for loan Collection code Home library Current library Date acquired Source of acquisition Cost, normal purchase price Full call number Barcode Copy number Cost, replacement price Koha item type
    Not For Loan Non-fiction D.B.Act.Division Bawana 11/10/2018 DBAD/PUB 599.00 305.697 AZE EN-107761 1 599.00 English Books

© Delhi Public Library
Hit Counter
free hit counter